000 00613nam a2200157Ia 4500
003 GCL
008 140319s9999 xx 000 0 ara d
040 _aGCL /
_cGCL
082 0 4 _a250
_bق ز
100 1 _aابن قيم الجوزية: شمس الدين ابو عبدالله محمد بن ابى بكر
245 1 0 _aزاد الميعاد فى هدى خير العباد /
_cابن قيم الجوزية: شمس الدين ابو عبدالله محمد بن ابى بكر
260 _a[S.N] :
_bدار الريان للتراث ،
_c1987
490 _a
650 0 4 _aفقه اسلامى
942 _2ddc
_cBK
999 _c52569
_d52569